00712nam a2200241 a 4500001001300000003000900013005001700022008004100039020002300080082001300103100002100116245004000137260004200177300000900219500003500228505002600263650001200289700002100301902000800322942000700330952011600337999001700453nice12345678IN_TiNIC20260116014944.0050524s1983 loua grp 000 0 eng  a0664726 c10000a264bTHE aHessel, Dieter T aSocial Themes of the Christian Year aLouisvillebWestminister Press c1983 a283p aincludes index and biblioraphy2 aComplementary Reading aLiturgy1 aHessel, Dieter T bSRS cBK 001040708StackRoom-aHMIbHMId2007-07-11g100.00l0o264 THEp11001537r2007-07-11v100.00w2005-05-24yBK c17708d17708